[Event "Olympiad-33"]
[Site "Elista"]
[Date "1998.10.06"]
[Round "8.4"]
[White "Shariyazdanov, Andrey"]
[Black "Asrian, Karen"]
[Result "1-0"]
[WhiteElo "2530"]
[BlackElo "2600"]
[Annotator "Tsesarsky,I"]
[PlyCount "61"]
[EventDate "1998.09.29"]
[EventType "team-swiss"]
[EventRounds "13"]
[EventCountry "RUS"]
[SourceTitle "CBM 068"]
[Source "ChessBase"]
[SourceDate "1999.02.01"]
[SourceVersion "1"]
[SourceVersionDate "1999.02.01"]
[SourceQuality "1"]
[WhiteTeam "Russia II"]
[BlackTeam "Armenia"]
[WhiteTeamCountry "RUS"]
[BlackTeamCountry "ARM"]

{[%mdl 60]} 1. d4 d5 2. c4 e6 3. Nc3 Nf6 4. cxd5 exd5 5. Bg5 Be7 6. e3 c6 7.
Bd3 O-O 8. Qc2 Nbd7 9. Nf3 Re8 10. O-O Nf8 11. h3 g6 12. Bh6 Ne6 (12... Nh5 13.
Rab1 (13. Ne5 f6 14. Nxg6 hxg6 15. Bxg6 Ng7 16. Bxe8 Qxe8 17. Bxg7 Kxg7 18.
Rfe1 $16) 13... Ng7 14. b4 a6 15. Bxg7 (15. a4 Bf5 (15... Nf5 16. Bf4 $14) (
15... Bd6 16. b5 Nf5 17. Bxf8 Kxf8 18. bxc6 bxc6 19. e4 dxe4 20. Nxe4 $14 {
0-1 Browne,W-Lobron,E/Dortmund-A 1990 (41)})) 15... Kxg7 16. Na4 (16. a4 Ne6
17. b5 axb5 (17... a5 18. bxc6 bxc6 19. Ne5 $16) 18. axb5 c5 $11) 16... Bd6 17.
Nc5 Qf6 18. Rfc1 (18. Nd2 Bxh3 19. gxh3 Qg5+ 20. Kh1 Qh5 21. Kg2 Qg5+ $11)
18... Ne6 $132 {1-0 Karpov,A-Short,N/Lucerne WchT 1989/[Ftacnik] (66)} (18...
Bxh3 19. Nxb7 $16)) (12... Bd6 13. Rab1 (13. Rac1 Ne6 14. Ng5 Nh5 15. f4 Nxg5
16. Bxg5 Be7 17. Bxe7 Qxe7 $132 {1-0 Hermesmann,H-Gerusel,M/BL2W 1993 (32)})
13... Ne6 (13... Qe7 14. Bg5 Ne6 15. Bh4 Qd8 (15... Ng7 16. e4 $1 dxe4 17. Nxe4
Ngh5 18. Rfe1 Be6 19. g4 Qd7 20. Nxf6+ Nxf6 21. Bxf6 $18 {1-0 Shariyazdanov,
A-Riline,A/WCh-Team U-26, Roque Saenz Pena ARG 1997 (33)}) 16. Rfe1 $14) 14. b4
Kh8 15. Ne5 Bxe5 16. dxe5 Ng8 17. Bf4 Nxf4 18. exf4 Nh6 19. Ne2 a6 20. Qc3 Bf5
21. Nd4 Bxd3 22. Qxd3 $14 {0-1 Antonsen,M-Bjerring,K/Copenhagen 1988 (35)}) 13.
Ne5 (13. Rab1 Ng7 (13... c5 14. dxc5 Nxc5 15. Rbd1 Qa5 (15... Nxd3 16. Qxd3 $14
) 16. Nd4 Bd7 17. Bg5 Na4 (17... Bc6 18. a3 Nxd3 19. Qxd3 $14) 18. Bxf6 (18.
Nxa4 Bxa4 19. b3 Bd7 20. Qb2 $14) 18... Bxf6 (18... Nxc3 19. Nb3 $18) 19. b4
Qxb4 20. Nxd5 Qd6 21. Nxf6+ Qxf6 22. Qc7 Bc6 23. Nxc6 bxc6 (23... Qxc6 24. Qxc6
bxc6 25. Rc1 $14) 24. Rc1 $14 {1-0 Yermolinsky,A-Kaidanov,G/Asheville 1994/Inf
60/[Yermolinsky,A] (52)}) 14. b4 a6 15. Na4 Nf5 16. Bf4 Bd6 17. Ne5 Nh5 18. Bh2
Nh4 19. f4 f6 20. Ng4 Kg7 21. Qf2 {1/2-1/2 Bischoff,K-Boensch,U/Hanover 1991 
(21)}) (13. Rad1 Ng7 14. g4 Nxg4 15. hxg4 Bxg4 16. Be2 Bd6 17. Bxg7 Bxf3 18.
Bxf3 Kxg7 19. Bg2 f5 20. Ne2 $14 {0-1 Schatzberg,W-Geissler,D/Open German
Seniors, Weilburg GER 1998 (54)}) 13... Ng7 14. g4 (14. Bxg7 Kxg7 15. Rae1 Bd6
16. f4 Ng8 17. Rf3 Nh6 18. g4 Qh4 19. Qf2 Qxf2+ 20. Rxf2 $132 {1/2-1/2 Reh,
P-Schultheis,H/OLO-B 1995 (37)}) 14... Nd7 (14... a6 15. f4 c5 16. f5 gxf5 17.
Bxg7 Kxg7 18. Bxf5 cxd4 19. exd4 $14 {1-0 Hansen,E-Guindy,E/Nordisk
zoneturnerin 1991 (25)}) 15. f4 Nxe5 $2 $16 (15... Bf8 $1 16. Qf2 f6 (16...
Nxe5 17. fxe5 Be6 18. e4 $14) 17. Nf3 Nb6 18. Rae1 Bd7 $14 {1-0 Christiansen,
L-Van der Sterren,P/WchT Luzern [Ftacnik 1989 (31)}) (15... Bd6 16. Rf3 Nf8 17.
Raf1 f6 18. f5 fxe5 19. f6 Be6 20. fxg7 Nd7 21. Bxg6 $18) (15... f6 16. Bxg6
hxg6 17. Bxg7 Nxe5 (17... Kxg7 18. Qxg6+ Kf8 19. Qf7#) 18. Bxf6 Nf3+ 19. Rxf3
Bxf6 20. Qxg6+ Bg7 21. f5 Rf8 22. g5 Rf7 23. f6 $18) 16. fxe5 $1 $146 (16. dxe5
Bc5 17. Qf2 (17. Rf3 Ne6 18. f5 Ng5 19. Bxg5 Qxg5 20. Nxd5 cxd5 (20... Rxe5 21.
Qxc5 (21. fxg6 Rxd5 22. gxf7+ (22. gxh7+ Kh8 23. Qc3+ Qe5 $17) 22... Kf8 $17)
21... Rxd5 22. Qc2 gxf5 23. Raf1 fxg4 24. Bxh7+ Kh8 25. Rxf7 Qxe3+ 26. Qf2
Qxf2+ 27. R1xf2 gxh3 28. Bc2 Rd7 29. Rf8+ Kg7 30. R8f6 Kg8 31. Rf8+ Kg7 32.
R8f6 $11) 21. Qxc5 Rxe5 22. Qd4 $14 {1-0 Hansen,S-Tuominen,R/Arnhem EUchJ 1990
(40)}) 17... f6 (17... d4 18. Ne4 dxe3 19. Qe2 $14) 18. Rad1 fxe5 19. Ne4 $5
$14) 16... Bg5 17. Bxg5 Qxg5 18. Qf2 Rf8 (18... Bf5 19. Be2 Be6 20. e4 h5 21.
h4 (21. exd5 cxd5 22. Qf4 Qxf4 23. Rxf4 hxg4 24. hxg4 Re7 25. Kf2 $14) 21...
Qd8 (21... Qd2 22. exd5 cxd5 23. gxh5 Qxb2 24. hxg6 Qxc3 25. gxf7+ Bxf7 26.
Qxf7+ Kh7 27. Qxd5 (27. Qf2 Rf8 28. Bf3 Rf4 $132) 27... Qe3+ 28. Rf2 Rad8 29.
Qf3 (29. Qb3 Qxd4 30. Rd1 Qxe5 31. Rxd8 Rxd8 32. Qb1+ Kh8 33. Qxb7 Nf5 $132)
29... Qxd4 30. Rd1 Qxe5 31. Rxd8 Rxd8 32. Bd3+ Kh6 33. Be4 $18) 22. exd5 cxd5
23. gxh5 Nxh5 24. Bxh5 gxh5 25. Kh2 Kh8 (25... Kh7 26. Qc2+ Kh8 27. Rf6 $18)
26. Qf4 Kh7 27. Rg1 Rg8 28. Rxg8 Kxg8 29. Rg1+ Bg4 30. Rf1 Qxh4+ 31. Kg1 Rf8
32. Nxd5 $18) (18... Be6 19. e4 h5 20. exd5 cxd5 21. Qf4 Qxf4 22. Rxf4 Rac8 (
22... g5 23. Rf2 hxg4 24. hxg4 Rad8 25. Kh2 $16) 23. Nb5 Re7 24. Nxa7 Ra8 25.
Nb5 hxg4 26. hxg4 g5 27. Rf2 Bxg4 28. Rg2 Bf3 29. Rxg5 $16) 19. Rae1 (19. e4
Be6 20. exd5 cxd5 21. Qf4 Qh4 22. Kh2 Rac8 23. Rac1 $16) 19... h5 20. Qf6 Ne6 (
20... Qxf6 21. exf6 Ne8 22. Be2 (22. e4 dxe4 23. Rxe4 Be6 24. gxh5 Bxh3 25. Rf3
Bf5 26. Re7 Bxd3 27. Rxd3 Nxf6 28. hxg6 fxg6 29. Rg3 Rf7 30. Rxg6+ Kf8 31. Re6
Ne8 $11) 22... hxg4 23. hxg4 Nd6 24. Kf2 Re8 25. Rh1 $16) 21. Qxg5 Nxg5 22. h4
(22. Kg2 hxg4 23. hxg4 Bxg4 24. Kg3 Bh5 $15) 22... Nh7 $2 $18 (22... Nh3+ 23.
Kh2 hxg4 (23... Bxg4 24. Rf6 $18 {[%csl Rh3][%cal Gd3f1]}) 24. Kg3 Re8 25. Rf6
(25. Be2 f5 $1 $15) 25... Re6 26. Rxe6 (26. Ref1 Rxf6 27. Rxf6 Ng1 28. e4 Nf3
29. exd5 cxd5 30. Nb5 Bd7 31. Nd6 Nxd4 32. Rxf7 Bf5 33. Bf1 b6 34. Bg2 Ne2+ 35.
Kf2 Nf4 36. Bh1 $132) 26... Bxe6 27. Be2 $16) 23. gxh5 gxh5 24. Kh2 (24. Rf4 $5
Be6 25. Kh2 Kg7 26. Rg1+ Kh6 27. Bxh7 Kxh7 28. Rg5 Bg4 29. e4 Rad8 30. exd5
cxd5 31. Nb5 (31. Rf6 Rd7 32. Kg3 Rc8 33. Kf4 Rc4 34. Ke3 Rc6 $16) 31... Rd7
32. Rf6 (32. Nd6 f6 $1 $15) 32... Rg8 33. Rxg8 Kxg8 34. Nxa7 Rc7 35. Kg3 $143 (
35. Rb6 $1 Rc4 36. Rxb7 Rxd4 37. Nc6 Rc4 (37... Ra4 38. Nb4 $18) 38. Ne7+ Kg7
39. Nxd5 Be6 40. Nf6 Rxh4+ 41. Kg3 Ra4 42. Nxh5+ Kh6 43. Nf4 Rxa2 44. Nxe6 fxe6
45. Kf4 Kg6 46. Rb6 Kf7 (46... Ra4+ 47. b4 Kh5 48. Rxe6 Rxb4+ 49. Kf5 Rb1 50.
Rf6 $18) 47. Kg5 Ra7 48. b4 $18) 35... Rc4 36. Rb6 (36. Nb5 Rb4 37. Nd6 Be6 38.
b3 Rxd4 39. Nxb7 Re4 40. Nc5 Rxe5 41. Nxe6 fxe6 42. a4 Kg7 43. Rf3 Re4 44. a5
Rb4 45. Rc3 Kf6 $132) 36... Rxd4 37. Rxb7 Rc4 38. a3 $16) 24... Bg4 25. Rf4 Kg7
(25... f6 26. Ref1 Rae8 27. Bxh7+ Kxh7 28. Rxf6 $18) 26. Ref1 Be6 (26... Rae8
27. Bxh7 Kxh7 28. Rxf7+ $18) 27. Ne2 Rh8 (27... f6 28. Bxh7 Kxh7 29. Rxf6 $18)
28. Ng3 Nf8 (28... Rae8 29. Nf5+ Kf8 30. Nd6 Re7 31. Bg6 $18) 29. Nf5+ Kg8 30.
Rg1+ Ng6 31. Ne7+ 1-0

[Event "San Roque"]
[Site "San Roque"]
[Date "1996.??.??"]
[Round "8"]
[White "Azmaiparashvili, Zurab"]
[Black "Campora, Daniel Hugo"]
[Result "1/2-1/2"]
[WhiteElo "2660"]
[BlackElo "2540"]
[Annotator "Tsesarsky,I"]
[PlyCount "88"]
[EventDate "1996.02.??"]
[EventType "tourn"]
[EventRounds "9"]
[EventCountry "ESP"]
[EventCategory "11"]
[SourceTitle "CBM 057"]
[Source "ChessBase"]
[SourceDate "1997.04.01"]
[SourceVersion "1"]
[SourceVersionDate "1997.04.01"]
[SourceQuality "1"]

1. d4 d5 2. c4 e6 3. Nc3 Nf6 4. cxd5 exd5 5. Bg5 Be7 6. e3 O-O 7. Bd3 Nbd7 8.
Nge2 Re8 9. O-O c6 10. Qc2 Nf8 11. Rad1 {N; 11.a3; 11.Rae1; 11.Rab1; 11.f3!? -
44/(493)} Nh5 {11...Ng4?! - 44/(493)} 12. Bxe7 Qxe7 13. Rfe1 (13. Na4 Ng6 14.
Rfe1 Bg4 15. Bf5 Bxf5 16. Qxf5 Nf6 17. Ng3 Ne4 18. Nxe4 Qxe4 $11 {1/2-1/2
Drasko,M-Mirkovic,S/Belgrade op 1989 (31)}) 13... Bg4 14. Rb1 (14. h3 Bxe2 (
14... Bd7) 15. Qxe2 Nf6 16. f3 Ne6 17. Qf2 c5 18. Bc2 a6 19. dxc5 Qxc5 20. Bb3
Rad8 21. Re2 Nc7 22. Rd3 Nb5 23. Nxb5 (23. Nxd5 $6 Nxd5 24. Rc2 Ndc3 $1 25.
Rxd8 Rxd8 26. bxc3 Rd3 $44) 23... Qxb5 24. Red2 $14 {1-0 Tukmakov,V-Lputian,S/
Sotchi 1987 (41)}) 14... Rad8 15. Ng3 $5 (15. h3 Be6 (15... Bxe2 16. Nxe2 $14)
16. b4 Qg5 17. Kh2 Qh4 18. Rf1 a6 19. a4 $14) 15... Nxg3 16. hxg3 h5 17. b4 a6
18. Na4 (18. a4 h4 19. gxh4 Qxh4 20. b5 axb5 21. axb5 Rd6 $1 $132 {[%csl Rg1]
[%cal Gd6g6,Gg6h6]}) 18... Rd6 19. Nc5 Bc8 (19... h4 20. gxh4 Qxh4 21. f3 (21.
Nxb7 Rh6 22. f3 Bxf3 $19) 21... Bc8 22. Qf2 Qh5 23. g4 Qg5 24. a4 Rh6 25. b5
axb5 26. axb5 b6 27. Nb3 f5 (27... Bxg4 28. fxg4 Qxg4+ 29. Qg2 $16) 28. bxc6
fxg4 29. f4 Qh5 30. Qg2 $132) 20. Bf5 Qd8 (20... Bxf5 21. Qxf5 h4 $40) 21. a4
Rf6 22. Bxc8 Qxc8 23. e4 dxe4 (23... b6 24. e5 Rg6 25. Nb3 Qg4 (25... h4 26.
gxh4 Qg4 27. g3 $16) 26. Qd3 Ne6 27. Qxa6 Nxd4 28. Nxd4 Qxd4 29. Red1 Qxe5 30.
Qxb6 $11) 24. Rxe4 Rxe4 25. Nxe4 Rg6 (25... Rh6 26. b5 axb5 27. axb5 Qf5 $11)
26. b5 axb5 27. axb5 Qd8 (27... Qf5 28. bxc6 Rxc6 (28... bxc6 $11) 29. Qd3 b6
30. d5 Rd6 31. Rd1 Rd8 32. d6 Nd7 $11) 28. bxc6 bxc6 29. Qc5 Re6 (29... Qd5 30.
Qxd5 cxd5 31. Nc5 Ne6 $11) 30. Ng5 Rd6 31. Nf3 g6 (31... Ne6 32. Qxh5 g6 33.
Qe5 $16 Nxd4 $140 34. Nxd4 Rxd4 35. Rb8 $18) 32. Rb7 Rf6 $4 (32... Ne6 33. Qb4
Qf8 34. Ne5 Rxd4 35. Qxf8+ Nxf8 36. Nxc6 $11) 33. Ne5 Ne6 (33... Qd5 34. Qe7
Qe6 35. Qd8 (35. Qxe6 Rxe6 36. Nxf7 Re1+ 37. Kh2 Ne6 38. Ne5 Nxd4 39. Nxg6 $18)
35... Kg7 36. Rb8 $18) 34. Qxc6 Nxd4 (34... Qxd4 35. Qe8+ Nf8 36. Kh2 h4 (36...
Qd5 37. Rb8 Qd6 38. Rd8 Qb4 39. Nd7 Rxf2 40. Nxf8 $18) 37. Rxf7 hxg3+ 38. fxg3
Qd6 39. Nc4 $1 $18) 35. Qc4 $1 $18 Ne6 36. Rxf7 (36. Nd7 Nf8 37. Nxf6+ Qxf6 $18
) 36... h4 (36... Rxf7 37. Qxe6 Qf6 38. Qxf7+ Qxf7 39. Nxf7 Kxf7 40. Kh2 Kf6
41. Kh3 g5 42. g4 h4 43. f4 $18) (36... g5 37. Qa2 $22 (37. Qb3 Nd4 38. Qc4 Ne6
) (37. Rd7 Qb6) 37... Rh6 (37... Rxf7 38. Qxe6 $18) 38. Rd7 Qc8 39. Qb3 $1 Qc1+
40. Kh2 Qc8 41. f4 $18) 37. Rd7 Qb6 38. Qxh4 $6 (38. Ng4 $18 Rxf2 39. Nxf2 (39.
Kh2 hxg3+ 40. Kxg3 Rf8 41. Nh6+ Kh8 42. Qc3+ $18) 39... hxg3 40. Qc2 Qxf2+ 41.
Qxf2 gxf2+ 42. Kxf2 Ng7 43. g4 $18) 38... Qxf2+ 39. Kh2 Nf8 40. Qc4+ Re6 41.
Ng4 $6 (41. Rd8 Qf5 42. Nd7 Qh5+ 43. Qh4 $18) 41... Qb2 42. Re7 $4 (42. Nh6+
Kh8 43. Rf7 $18) 42... Qh8+ 43. Kg1 Qa1+ 44. Kh2 Qh8+ 1/2-1/2

[Event "RUS-Cup4"]
[Site "Perm"]
[Date "1997.??.??"]
[Round "5"]
[White "Neverov, Valeriy"]
[Black "Balashov, Yuri S"]
[Result "1/2-1/2"]
[WhiteElo "2530"]
[BlackElo "2510"]
[Annotator "Tsesarsky,I"]
[PlyCount "47"]
[EventDate "1997.02.02"]
[EventType "swiss"]
[EventRounds "9"]
[EventCountry "RUS"]
[SourceTitle "CBM 058"]
[Source "ChessBase"]
[SourceDate "1997.06.01"]
[SourceVersion "1"]
[SourceVersionDate "1997.06.01"]
[SourceQuality "1"]

1. d4 Nf6 2. c4 e6 3. Nf3 d5 4. Nc3 Nbd7 5. cxd5 exd5 6. Bg5 Be7 7. e3 O-O 8.
Bd3 Re8 9. O-O c6 10. Qc2 Nf8 11. h3 Be6 12. Rab1 Ne4 (12... a5 13. a3 N6d7 14.
Bxe7 Qxe7 15. Rfc1 Qf6 16. Qd1 Ng6 17. Na4 h5 18. Nc5 Nxc5 19. Rxc5 Bf5 20.
Bxf5 Qxf5 21. Qc2 Qf6 22. b4 axb4 23. axb4 Ne7 24. b5 $16 {1-0 Babula,
V-Jirovsky,M/CSR-chJ Pardubice 1991 (42)}) (12... Rc8 13. b4 a6 (13... N6d7 14.
Bf4 Nb6 15. a4 Ng6 16. Bg3 Bd6 17. Ne2 Nc4 18. Bxc4 dxc4 19. Nd2 b5 20. Bxd6
Qxd6 21. Ne4 Qd8 $11 {0-1 Sorokin,M-Soppe,G/Clarin It. Villa Gesell ARG 1996 
(47)}) 14. Na4 Rc7 15. Rfc1 Nh5 16. Bxe7 Qxe7 17. Nc5 Bc8 18. Bf5 Nf6 19. Ne5
Bxf5 20. Qxf5 Ra8 21. a4 Ne8 22. Qd3 Nd6 $11 {1/2-1/2 Mitenkov,A-Obukhov,A/
URS-chClub Pavlodar 1991 (25)}) (12... N6d7 13. Bf4 Nb6 14. Na4 {N} (14. b4 Bd6
{- 57/404}) 14... Nxa4 15. Qxa4 Ng6 16. Bh2 Bd6 17. Ne5 Qf6 18. Qc2 {/\ f4} (
18. f4 $2 Bf5) 18... Nxe5 19. dxe5 Bxe5 20. Bxh7+ Kh8 21. Bxe5 Qxe5 $11 {
1/2-1/2 Sokolov,I-Yusupov,A/Amsterdam 1994 (49)}) (12... Qd7 13. Ne5 Qc8 14. b4
Bd6 15. Bf4 Nh5 16. Bh2 f6 17. Qe2 Bxe5 18. dxe5 g6 19. exf6 Nxf6 20. Rfc1 $14
{1-0 Henc,R-Barrientos,E/Bratislava op 1993 (60)}) 13. Bxe7 Rxe7 (13... Qxe7 $2
14. Bxe4 dxe4 15. Qxe4 $16) 14. b4 Nxc3 15. Qxc3 Rc7 $5 (15... a6 16. a4 Rc8
17. Rfc1 $14 Rec7 18. Qc2 (18. Qb2 Qf6 19. Nd2 Bf5 20. Bxf5 Qxf5 21. Nb3 (21.
b5 $2 cxb5 22. Rxc7 (22. axb5 Rc2 $19) 22... Rxc7 23. axb5 Rc2 $19) (21. Nf3
Ne6 22. b5 cxb5 23. axb5 (23. Rxc7 Nxc7) 23... Rc2 24. bxa6 Rxb2 25. Rxc8+ Nf8
26. Rxf8+ Kxf8 27. Rxb2 bxa6 28. Rb8+ Ke7 29. Ne5 $11) 21... Ne6 22. Nc5 Nxc5
23. bxc5 Rd8 24. Rc3 Rdd7 25. Rb3 h5 26. Qd2 h4 27. Qa5 (27. Qd3 Qf6 $11 (27...
Qxd3 28. Rxd3 {[%cal Gg1f1,Gf1e2,Ge2d2,Gd2c3,Gc3b4,Gb4a5,Ga5b6,Gb6a7]} a5 $11))
27... Kh7 28. Qb6 Qe6 29. Qa7 Qe7 $11) 18... Qf6 19. Ne5 $14) 16. Rfc1 Rac8 17.
a4 $6 (17. Qc2 $14) (17. Nd2 $14) 17... Qf6 $5 18. Ne5 (18. Qc2 {[%csl Rf5]}
Bxh3 $17) 18... Bf5 19. Qc2 Bxd3 20. Nxd3 Ne6 (20... Ng6 21. b5 b6 22. Nb4 Ne7
23. bxc6 a5 (23... Qe6 24. Qb3 h6 (24... a5 25. Nd3 Rxc6 26. Rxc6 Qxc6 27. Ne5
$16) 25. Rc2 a5 26. Nd3 Rxc6 27. Rxc6 Rxc6 28. Ne5 Rd6 29. Rc1 $14) 24. Nd3
Rxc6 25. Qb2 $14) 21. Rb3 Qe7 22. Qb2 h6 23. Rbc3 a6 24. Qb3 $14 (24. b5 axb5
25. axb5 cxb5 26. Rxc7 Nxc7 (26... Rxc7 27. Qxb5 Rxc1+ 28. Nxc1 $14 {[%csl Rb7,
Rd5]}) 27. Nc5 Rb8 28. Ra1 b6 29. Nd3 $14) 1/2-1/2

[Event "RUS-Cup7"]
[Site "Kstovo"]
[Date "1997.05.04"]
[Round "4"]
[White "Volkov, Sergey"]
[Black "Akhmadeev, Vadim"]
[Result "1-0"]
[WhiteElo "2480"]
[BlackElo "2450"]
[Annotator "Tsesarsky,I"]
[PlyCount "115"]
[EventDate "1997.05.01"]
[EventType "swiss"]
[EventRounds "9"]
[EventCountry "RUS"]
[SourceTitle "CBM 059"]
[Source "ChessBase"]
[SourceDate "1997.08.01"]
[SourceVersion "1"]
[SourceVersionDate "1997.08.01"]
[SourceQuality "1"]

1. d4 d5 2. c4 e6 3. Nc3 Be7 4. Nf3 Nf6 5. cxd5 exd5 6. Bg5 O-O 7. e3 c6 8. Qc2
Nbd7 9. Bd3 Re8 10. O-O Nf8 11. Rab1 a5 12. a3 Ng6 13. Bxf6 (13. b4 axb4 14.
axb4 Ne4 15. Bxe7 Qxe7 16. Rfc1 (16. b5 Bg4 17. Bxe4 dxe4 18. Nd2 f5 $13) 16...
f5 $1 17. g3 b5 $10 {Gligoric,S-Pfleger,H/Den Haag 1966/1-0 (54)}) 13... Bxf6
14. b4 Be7 (14... axb4 15. axb4 Qd6 (15... b5 16. Ra1 Rxa1 17. Rxa1 Be7 18. Ra8
Bd6 (18... Bxb4 19. Bxg6 hxg6 20. Ne5 $14) 19. Bf5 Ne7 (19... Qc7 20. Nxd5 $18)
20. Bxh7+ $18 {1/2-1/2 Gyimesi,Z-Farago,S/Budapest FS DecGM 1994 (41)}) 16.
Rfe1 Bd8 17. Bf5 Bxf5 18. Qxf5 Bc7 19. g3 Ra3 $132 {1/2-1/2 Salo,T-Pedersen,D/
Copenhagen PC 1996 (33)}) (14... Bg4 $1 15. Nd2 axb4 16. axb4 Be7 17. b5 (17.
h3 $142 Be6 18. Nf3 $132) 17... c5 18. Bf5 cxd4 19. Bxg4 dxc3 20. Qxc3 Bf6 21.
Qb4 d4 $15 {Peelen,P-Van der Sterren,P/Amsterdam OHRA-B 1989/0-1 (58)}) 15. Na4
axb4 16. axb4 Bd6 17. Rfc1 Bg4 18. Ne1 $1 $14 (18. Nd2 $2 Qg5 19. Nf1 Nh4 20.
Ng3 Bxg3 21. hxg3 Nxg2 $1 22. Nb6 (22. Kxg2 Qh5 23. Bxh7+ Kh8 $19) 22... Qh5
23. Nxa8 Ne1 $1 {0-1 Maiwald,J-Singer,C/Krumbach op 1991}) 18... Rc8 (18... Qg5
$5 19. Nc5 Re7 20. Ra1 Rae8 21. b5 b6 (21... cxb5 22. Bxb5 Rc8 23. Qb3 b6 24.
Ncd3 Rxc1 25. Rxc1 $14) (21... Qh4 22. g3 $14) 22. Nb3 cxb5 23. Qc6 $14 (23.
Bxb5 Qh5 (23... Rd8 24. Qd2 $14) 24. h3 $14)) (18... Qh4 19. g3 Qh3 20. Nc5 Bc8
$14 (20... Nh4 21. Bf1 $18)) 19. h3 Qh4 $4 $18 (19... Bd7 20. Nc5 $14) 20. Bxg6
$1 fxg6 21. hxg4 Qh2+ 22. Kf1 Rf8 23. Ke2 (23. Nc5 $18) (23. Nc3 $18) 23... Qg1
24. Nd3 $6 (24. f3 $142 Rce8 (24... Bg3 25. Qd2 $18) 25. Qd2 Bg3 26. Rb3 $18)
24... Qxg2 25. Rg1 Qf3+ 26. Kd2 Bh2 $6 (26... Ra8 $142 27. Nc3 b6 28. Qd1 $18)
27. Rh1 Bd6 28. Qd1 Qe4 29. Nc3 Qe7 30. Qf1 (30. b5 $18) (30. Rh3 $18) 30... g5
31. Qg2 $6 (31. b5 $18) 31... h6 32. Rhd1 (32. b5 $18) 32... Qf6 33. Rdc1 Kh8
34. b5 Bc7 (34... Ra8 35. bxc6 bxc6 36. Rb7 $18) 35. b6 $6 (35. bxc6 bxc6 36.
Rb7 Ba5 37. Qg3 $18) 35... Bd6 36. Na4 Rf7 37. Nac5 Qe7 38. Ra1 Rcf8 39. Rc2
Kh7 $6 (39... Bxc5 $1 40. Rxc5 (40. dxc5 Qe4 41. Qg1 d4 42. Re1 Ra8 $16 (42...
Rf3 $16)) 40... Qd8 41. Rb1 Qa8 $16) 40. Kd1 $18 Bb8 41. Ra8 Qf6 42. Ne5 Bxe5
43. Rxf8 (43. dxe5 Qxe5 44. Nd7 Rxd7 45. Rxf8 Qa1+ 46. Ke2 Qb1 47. Rd2 Qb5+ 48.
Rd3 (48. Kf3 $2 Qb4 $19) 48... Qb2+ 49. Kf3 Qxb6 $16) 43... Rxf8 44. Nd7 $1 Qe7
(44... Qf3+ 45. Qxf3 Rxf3 46. Nxe5 $18) 45. Nxf8+ Qxf8 46. dxe5 Qa3 47. Qf3
Qa1+ 48. Ke2 Qa6+ 49. Ke1 Qa1+ 50. Qd1 Qxe5 51. Qd3+ g6 52. Qd4 Qd6 53. Rd2 h5
54. gxh5 gxh5 55. Qe4+ Kh6 56. f4 g4 57. Qe5 Qd8 58. Rh2 1-0